Análisis del denominado plan "Educacion Productiva" como estrategia de formación en habilidades laborales de los estudiantes del segundo y tercer año de bachillerato del Colegio Hispanoamérica, Municipio de Santa Tecla departamento de La Libertad, en el periodo de julio a noviembre de 2021 (Registro nro. 12336)

Detalles MARC
000 -LEADER
fixed length control field 00791nam a2200169Ia 4500
005 - FECHA Y HORA DE LA ÚLTIMA TRANSACCIÓN
control field 20240809160132.0
008 - FIXED-LENGTH DATA ELEMENTS--GENERAL INFORMATION
fixed length control field 240808s9999 xx 000 0 und d
040 ## - CATALOGING SOURCE
Original cataloging agency UPAN
Transcribing agency Biblioteca San Vicente
Description conventions RCAA2
041 ## - LANGUAGE CODE
Language code of text/sound track or separate title spa
082 ## - DEWEY DECIMAL CLASSIFICATION NUMBER
Classification number 370
Item number Por
año de publicación 2022
100 ## - MAIN ENTRY--PERSONAL NAME
Personal name Portillo Diaz, Edgar Antonio
Relator code aut.
245 #0 - TITLE STATEMENT
Title Análisis del denominado plan "Educacion Productiva" como estrategia de formación en habilidades laborales de los estudiantes del segundo y tercer año de bachillerato del Colegio Hispanoamérica, Municipio de Santa Tecla departamento de La Libertad, en el periodo de julio a noviembre de 2021
260 ## - PUBLICATION, DISTRIBUTION, ETC. (IMPRINT)
Place of publication, distribution, etc San Salvador:
Name of publisher, distributor, etc Universidad Panamericana,
Date of publication, distribution, etc 2022
300 ## - PHYSICAL DESCRIPTION
Extent 163 p.;
Dimensions 28 cm.
650 ## - SUBJECT ADDED ENTRY--TOPICAL TERM
Source of heading or term LEMB
Topical term or geographic name as entry element Estrategia de formación
General subdivision Habilidades laborales
942 ## - ADDED ENTRY ELEMENTS (KOHA)
Koha item type Libros
Source of classification or shelving scheme Dewey Decimal Classification
Existencias
Withdrawn status Lost status Source of classification or shelving scheme Damaged status Not for loan Collection code Home library Current library Date acquired Total Checkouts Full call number Barcode Date last seen Copy number Price effective from Koha item type
    Dewey Decimal Classification     Tesario Biblioteca UPAN San Vicente Biblioteca UPAN San Vicente 08/08/2024   370 Por 12102145 08/08/2024 01 08/08/2024 Trabajos de Grado